Logo BPK

Biblioteka

Politechniki Koszalińskiej

Próba zastosowania metody przepływów międzygałęziowych w ekonomice budownictwa / (Rekord nr 26091)

Szczegóły MARC
000 -ETYKIETA REKORDU
podpole kontrolne o stałej długości 00408nam a2200145 i 4500
001 - NUMER KONTROLNY REKORDU
pole kontrolne bg
040 ## - ŹRÓDŁO KATALOGOWANIA
Instytucja, która utworzyła rekord BPK
041 ## - KOD JĘZYKA
Kod języka tekstu pol
080 ## - UNIWERSALNA KLASYFIKACJA DZIESIĘTNA - UKD
UKD 69.003:338:330.115
008 - POLE O STAŁEJ DŁUGOŚCI - DANE KONTROLNE
podpole kontrolne o stałej długości s pl f |000 0 pol
100 1# - NAZWA OSOBOWA
Nazwa osobowa DOBIJAŃSKA, Zofia
245 #0 - TYTUŁ/ODPOWIEDZIALNOŚĆ
Tytuł Próba zastosowania metody przepływów międzygałęziowych w ekonomice budownictwa /
Pozostałe elementy strefy tytułu i oznaczenia odpowiedzialności Zofia Dobijańska.
260 ## - STREFA ADRESU WYDAWNICZEGO
Miejsce wydania Warszawa,
Data publikacji, dystrybucji/powstania dokumentu 1970.
856 ## - LOKALIZACJA I DOSTĘP DO ELEKTRONICZNYCH DOKUMENTÓW ZDALNYCH
Link (URL) http://koha.tu.koszalin.pl/cgi-bin/koha/opac-detail.pl?biblionumber=26091
Tekst linku Katalog online BPK
942 ## - DODATKOWE ELEMENTY (KOHA)
Typ dokumentu Książka
Egzemplarze
Wycofany Status egzemplarza Uszkodzony Dostępność Lokalizacja stała Lokalizacja bieżąca Miejsce przechowywania Sygnatura Kod kreskowy Typ dokumentu
      Dostępny Biblioteka Politechniki Koszalińskiej Biblioteka Politechniki Koszalińskiej Wypożyczalnia BG 17233 01711301 Książka
      Dostępny Biblioteka Politechniki Koszalińskiej Biblioteka Politechniki Koszalińskiej Wypożyczalnia BG 17234 01711318 Książka
© 2023 Biblioteka Politechniki Koszalińskiej :: KOHA